00389 a2200145 4500003000400000005001700004008004100021040000900062082001900071100001900090245006900109250001200178260003900190300001400229OSt20260310093548.0260310b |||||||| |||| 00| 0 eng d coclc a297.352bANS/P aAnsari, Yousuf aParishudha Makkah: bCharithravum Varthamanavum /cYousuf Ansari a1st ed. aCalicut:bAhlussunna books,c2019. a304 pages